000 01016nam a2200253Ia 4500
003 OSt
005 20220923211629.0
006 a|||||r|||| 00| 0
007 ta
008 220922b |||||||| |||| 00| 0 san d
024 _a33,772
037 _cTextual
040 _aARTS
_cARTS
_bsan
041 _2san
_asan
082 _aO15,2J32:g, 152K4
100 _aशास्त्री, बाबूलाल शुक्ल
_9161092
245 0 _aनाटक चन्द्रिका
_b रूप गोस्वामि प्रभुप्रसाद प्रणीता
246 _aNāṭak chandrikā: rūp goswāmi prabhuprasād praṇītā
260 _aवाराणसी
_b चौखम्बा संस्कृत सीरीज
_c1964
300 _a176पृ.
_ccm.
650 _aसंस्कृत साहित्य
942 _hO15,2J32:g, 152K4
_cTEXL
_2CC
999 _c301714
_d301714